[Event "SLO-chT 32nd"]
[Site "Ljubljana"]
[Date "2022.09.09"]
[Round "4.2"]
[White "Brcar, Ales"]
[Black "Zupe, Miran"]
[Result "1/2-1/2"]
[WhiteElo "2161"]
[BlackElo "2235"]
[PlyCount "60"]
[EventDate "2022.09.02"]
[EventType "team-tourn"]
[EventRounds "9"]
[EventCountry "SLO"]
[SourceTitle "EXT 2023"]
[Source "ChessBase"]
[SourceDate "2022.10.05"]
[SourceVersion "1"]
[SourceVersionDate "2022.10.05"]
[SourceQuality "1"]
[WhiteTeam "Trebnje BMP"]
[BlackTeam "Maribor Branik"]
[WhiteTeamCountry "SLO"]
[BlackTeamCountry "SLO"]

1. d4 Nf6 2. c4 c6 3. Nc3 d5 4. e3 g6 5. Nf3 Bg7 6. Be2 0-0 7. 0-0 b6 8. cxd5 cxd5 9. Qb3 Nc6 10. Bd2 Bb7 11. Rfd1 e6 12. Rac1 Qe7 13. Nb5 Ne4 14. Be1 Rfc8 15. a4 Qd8 16. Rc2 a6 17. Na3 Nd6 18. Rdc1 Ne7 19. Bb4 Rxc2 20. Rxc2 Rc8 21. Ne5 Rxc2 22. Nxc2 Nec8 23. Bc3 a5 24. Na3 Bf8 25. Nb5 f6 26. Nf3 Nxb5 27. Bxb5 Nd6 28. Bd3 Kf7 29. Nd2 Be7 30. h4 Kg7 1/2-1/2

[Event "Ljubljana-chT 73rd"]
[Site "Ljubljana"]
[Date "2020.01.23"]
[Round "2.2"]
[White "Jese, Janez"]
[Black "Brcar, Ales"]
[Result "0-1"]
[WhiteElo "1703"]
[BlackElo "2130"]
[PlyCount "86"]
[EventDate "2020.01.16"]
[EventType "team-swiss"]
[EventRounds "6"]
[EventCountry "SLO"]
[SourceTitle "EXT 2024"]
[Source "ChessBase"]
[SourceDate "2023.10.10"]
[SourceVersion "1"]
[SourceVersionDate "2023.10.10"]
[SourceQuality "1"]
[WhiteTeam "Medvode Vittori Swimmear"]
[BlackTeam "Mentor"]
[WhiteTeamCountry "SLO"]
[BlackTeamCountry "SLO"]

1. e4 e5 2. Bc4 Nf6 3. d4 exd4 4. Nf3 Nc6 5. 0-0 d6 6. Nxd4 Be7 7. Nxc6 bxc6 8. Nc3 0-0 9. h3 Nd7 10. f4 Bf6 11. Ne2 Re8 12. e5 dxe5 13. fxe5 Nxe5 14. Qxd8 Rxd8 15. Bb3 Ba6 16. Re1 Bh4 17. Bf4 Bxe1 18. Rxe1 Ng6 19. Bxc7 Rd7 20. Ba5 Re8 21. Kf2 Rde7 22. Nd4 Rxe1 23. Bxe1 c5 24. Nf3 h5 25. Kg3 Bf1 26. Bc3 Re2 27. Ne1 h4+ 28. Kh2 Nf4 29. Bc4 Rxe1 30. Bxe1 Bxc4 31. b3 Bd5 32. Bxh4 Be4 33. Bf2 Ne6 34. c3 a6 35. b4 c4 36. g4 Kf8 37. Kg3 Ke7 38. a4 Bc6 39. a5 Kd6 40. Be3 Kd5 41. Kf2 Ke4 42. Bd2 Kd3 43. Be1 Ng5 0-1

[Event "SLO-chT1 West 29th"]
[Site "Slovenia"]
[Date "2019.09.29"]
[Round "6.4"]
[White "Brcar, Ales"]
[Black "Plaskan, Jure"]
[Result "1/2-1/2"]
[WhiteElo "2117"]
[BlackElo "2211"]
[PlyCount "68"]
[EventDate "2019.09.20"]
[EventType "team-tourn"]
[EventRounds "9"]
[EventCountry "SLO"]
[SourceTitle "CBM 192 Extra"]
[Source "Chessbase"]
[SourceDate "2019.11.06"]
[SourceVersion "1"]
[SourceVersionDate "2019.11.06"]
[SourceQuality "1"]
[WhiteTeam "Trebnje BMP"]
[BlackTeam "Domzale Tajfun"]
[WhiteTeamCountry "SLO"]
[BlackTeamCountry "SLO"]

1. e4 c5 2. Nf3 d6 3. Bc4 Nf6 4. Qe2 Nc6 5. c3 Bg4 6. h3 Bxf3 7. Qxf3 e6 8. 0-0 Be7 9. Rd1 Nxe4 10. Qxe4 d5 11. Bxd5 exd5 12. Qg4 0-0 13. d4 cxd4 14. cxd4 Qb6 15. Nc3 Rad8 16. Rb1 Bf6 17. Be3 Rfe8 18. Rd2 Na5 19. b3 Qb4 20. Rd3 Nc6 21. Rbd1 a6 22. Qf3 Qd6 23. Rc1 Ne7 24. Bf4 Qd7 25. Na4 Nf5 26. Nb6 Qe6 27. Bc7 Nxd4 28. Rxd4 Bxd4 29. Bxd8 Rxd8 30. Nxd5 h6 31. Ne3 Re8 32. Re1 Bc3 33. Rd1 b5 34. Qd5 Bf6 1/2-1/2

[Event "SLO-chT1 West"]
[Site "Slovenia"]
[Date "2018.10.28"]
[Round "9.4"]
[White "Brcar, Ales"]
[Black "Acimovic, Vasja"]
[Result "0-1"]
[WhiteElo "2132"]
[BlackElo "2000"]
[PlyCount "70"]
[EventDate "2018.09.28"]
[EventType "team-tourn"]
[EventRounds "9"]
[EventCountry "SLO"]
[SourceTitle "CBM 187 Extra"]
[Source "ChessBase"]
[SourceDate "2018.11.04"]
[SourceVersion "1"]
[SourceVersionDate "2018.11.04"]
[SourceQuality "1"]
[WhiteTeam "Trebnje BMP"]
[BlackTeam "Kocevje"]
[WhiteTeamCountry "SLO"]
[BlackTeamCountry "SLO"]

1. d4 d5 2. c4 e6 3. Nc3 Nf6 4. cxd5 exd5 5. Bg5 c6 6. Qc2 Be7 7. e3 0-0 8. Bd3 Nbd7 9. Nge2 Re8 10. 0-0 Nf8 11. f3 Ng6 12. Rad1 Be6 13. Kh1 Rc8 14. e4 dxe4 15. fxe4 Ng4 16. Bd2 Bg5 17. Rf3 Bxd2 18. Rxd2 Qh4 19. h3 Qe1+ 20. Ng1 Ne3 21. Rxe3 Qxe3 22. Bf1 Qg5 23. Nf3 Qh5 24. Rf2 Rcd8 25. Kh2 Bg4 26. Qb3 Re7 27. Bc4 Bxf3 28. Rxf3 Nh4 29. Rf4 Rxd4 30. Ne2 Rdd7 31. Qg3 Ng6 32. Rf5 Qh4 33. Qb8+ Nf8 34. Nf4 g6 35. Ne6 Qh6 0-1

[Event "SLO-chT1 West"]
[Site "Slovenia"]
[Date "2018.10.27"]
[Round "8.4"]
[White "Bulatovic, Milorad"]
[Black "Brcar, Ales"]
[Result "0-1"]
[WhiteElo "1933"]
[BlackElo "2132"]
[PlyCount "84"]
[EventDate "2018.09.28"]
[EventType "team-tourn"]
[EventRounds "9"]
[EventCountry "SLO"]
[SourceTitle "CBM 187 Extra"]
[Source "ChessBase"]
[SourceDate "2018.11.04"]
[SourceVersion "1"]
[SourceVersionDate "2018.11.04"]
[SourceQuality "1"]
[WhiteTeam "Kranj Stari Mayr"]
[BlackTeam "Trebnje BMP"]
[WhiteTeamCountry "SLO"]
[BlackTeamCountry "SLO"]

1. b3 e5 2. Bb2 Nc6 3. e3 Nf6 4. Nf3 e4 5. Ne5 Nxe5 6. Bxe5 d5 7. c4 Bd6 8. Bxd6 Qxd6 9. cxd5 Nxd5 10. Nc3 Nxc3 11. dxc3 Qc6 12. Qd4 Be6 13. Qxg7 0-0-0 14. c4 Rhg8 15. Qc3 h5 16. h3 h4 17. Rd1 Rxd1+ 18. Kxd1 b5 19. Kc1 bxc4 20. bxc4 Rg5 21. Kb2 Rf5 22. Qc2 Qc5 23. a3 Qe5+ 24. Ka2 Qf6 25. Be2 Rxf2 26. Re1 Qe5 27. Qa4 Qd6 28. Ka1 Qe5+ 29. Kb1 Qc5 30. Ka1 Bd7 31. Qb3 Qe5+ 32. Kb1 Qa5 33. Qb4 Qxb4+ 34. axb4 Rxg2 35. c5 Bxh3 36. Ba6+ Kd8 37. Bb7 Bf5 38. Rf1 Rg5 39. Rf4 h3 40. Rh4 Rg7 41. Bxe4 Bxe4+ 42. Rxe4 h2 0-1

[Event "SLO-chT1 West"]
[Site "Slovenia"]
[Date "2018.10.14"]
[Round "6.3"]
[White "Brcar, Ales"]
[Black "Rolih, Miran"]
[Result "1-0"]
[WhiteElo "2132"]
[BlackElo "1865"]
[PlyCount "67"]
[EventDate "2018.09.28"]
[EventType "team-tourn"]
[EventRounds "9"]
[EventCountry "SLO"]
[SourceTitle "CBM 187 Extra"]
[Source "ChessBase"]
[SourceDate "2018.11.04"]
[SourceVersion "1"]
[SourceVersionDate "2018.11.04"]
[SourceQuality "1"]
[WhiteTeam "Trebnje BMP"]
[BlackTeam "Ilirska Bistrica Rimex"]
[WhiteTeamCountry "SLO"]
[BlackTeamCountry "SLO"]

1. d4 Nf6 2. c4 c5 3. d5 e6 4. Nc3 exd5 5. cxd5 d6 6. e4 g6 7. Bg5 h6 8. Be3 Bg7 9. f3 0-0 10. Qd2 Kh7 11. Nge2 a6 12. a4 Re8 13. Ng3 Nbd7 14. Be2 Ne5 15. h4 Rb8 16. 0-0 Qe7 17. Rfc1 g5 18. Rab1 a5 19. Nd1 b6 20. Bf2 Ng6 21. Ne3 Nxh4 22. Qc2 Kh8 23. Be1 Nh7 24. Bc3 f5 25. Bb5 Rf8 26. Bxg7+ Kxg7 27. Nexf5+ Bxf5 28. exf5 Qe3+ 29. Kh2 Qf4 30. Qe4 Nxf5 31. Qxf4 gxf4 32. Nh5+ Kh8 33. Nxf4 Ne3 34. Ng6+ 1-0

[Event "SLO-chT1 West"]
[Site "Slovenia"]
[Date "2018.09.28"]
[Round "1.4"]
[White "Rozic, Samo"]
[Black "Brcar, Ales"]
[Result "1-0"]
[WhiteElo "2175"]
[BlackElo "2132"]
[PlyCount "70"]
[EventDate "2018.09.28"]
[EventType "team-tourn"]
[EventRounds "9"]
[EventCountry "SLO"]
[SourceTitle "CBM 187 Extra"]
[Source "ChessBase"]
[SourceDate "2018.11.04"]
[SourceVersion "1"]
[SourceVersionDate "2018.11.04"]
[SourceQuality "1"]
[WhiteTeam "Ig"]
[BlackTeam "Trebnje BMP"]
[WhiteTeamCountry "SLO"]
[BlackTeamCountry "SLO"]

1. g3 d5 2. Bg2 e5 3. d3 Nf6 4. Nf3 Bd6 5. 0-0 0-0 6. Re1 c6 7. e4 dxe4 8. dxe4 Bc7 9. Qe2 Nbd7 10. Nbd2 Nc5 11. b3 Bg4 12. a4 Ba5 13. Qe3 Bxf3 14. Bxf3 Ne6 15. c3 Bb6 16. Qe2 Ng5 17. Bg2 Qd7 18. a5 Bc7 19. Nc4 Ne6 20. Rd1 Qe7 21. a6 b5 22. Ba3 Nc5 23. Ne3 g6 24. c4 b4 25. Bxb4 Rab8 26. Qe1 Bb6 27. Rab1 Rfd8 28. Rxd8+ Qxd8 29. Bxc5 Bxc5 30. b4 Qb6 31. b5 Ne8 32. Qc3 Bd4 33. Qd3 Nd6 34. Bf1 cxb5 35. cxb5 Rc8 1-0

[Event "SLO-chT1 West"]
[Site "Slovenia"]
[Date "2016.12.09"]
[Round "7"]
[White "Stevanic, David"]
[Black "Brcar, Ales"]
[Result "0-1"]
[WhiteElo "2023"]
[BlackElo "2122"]
[PlyCount "158"]
[EventDate "2016.11.11"]
[EventType "team-tourn"]
[EventRounds "9"]
[EventCountry "SLO"]
[SourceTitle "EXT 2018"]
[Source "ChessBase"]
[SourceDate "2017.10.13"]
[SourceVersion "1"]
[SourceVersionDate "2017.10.13"]
[SourceQuality "1"]
[WhiteTeam "Kocevje Inotherm"]
[BlackTeam "Trebnje BMP"]
[WhiteTeamCountry "SLO"]
[BlackTeamCountry "SLO"]

1. e4 c5 2. Nf3 g6 3. Bc4 Bg7 4. c3 d6 5. d4 Nf6 6. dxc5 0-0 7. e5 Ne4 8. cxd6 exd6 9. 0-0 dxe5 10. Qe2 Nd6 11. Bg5 Qc7 12. Bb3 Re8 13. Na3 Be6 14. Bxe6 Rxe6 15. Rfd1 Nc6 16. Rd2 h6 17. Be3 Nf5 18. Nb5 Qe7 19. Rad1 Nxe3 20. Qxe3 Nb8 21. Rd8+ Kh7 22. Qe4 Bf6 23. R1d2 Kg7 24. h3 a6 25. Na3 Nc6 26. R8d7 Rd8 27. Rxd8 Nxd8 28. Nc4 Nc6 29. Kh2 Qc5 30. Ne3 Bd8 31. Rd7 Re7 32. Rxe7 Qxe7 33. Qd5 Bc7 34. Nd2 Qd8 35. Qxd8 Bxd8 36. Nd5 f5 37. Nb3 Ne7 38. Nxe7 Bxe7 39. Na5 b5 40. c4 bxc4 41. Nxc4 e4 42. Kg1 Kf6 43. Kf1 Ke6 44. Ke2 Kd5 45. Ne3+ Kd4 46. Nc2+ Ke5 47. g3 f4 48. gxf4+ Kxf4 49. Nd4 g5 50. Kf1 g4 51. hxg4 Kxg4 52. Kg2 Bf6 53. Nb3 Be7 54. Nd4 Kf4 55. Nc6 Bd6 56. b4 h5 57. a4 h4 58. b5 axb5 59. axb5 Bc5 60. Nd8 Kg4 61. Nc6 h3+ 62. Kh2 Bxf2 63. Ne5+ Kf4 64. Nc4 Kg4 65. Ne5+ Kh4 66. Ng6+ Kg5 67. Nf8 e3 68. Ne6+ Kg4 69. Nd4 Bg3+ 70. Kh1 Be5 71. Ne2 Kf3 72. Ng1+ Kg3 73. b6 h2 74. Ne2+ Kf2 75. Nc1 Kf1 76. b7 Bb8 77. Nb3 e2 78. Nd2+ Kf2 79. Nf3 Bc7 0-1

[Event "SLO-chT1 West"]
[Site "Slovenia"]
[Date "2016.11.13"]
[Round "3"]
[White "Brcar, Ales"]
[Black "Lucovnik, Tilen"]
[Result "1/2-1/2"]
[WhiteElo "2122"]
[BlackElo "2041"]
[PlyCount "83"]
[EventDate "2016.11.11"]
[EventType "team-tourn"]
[EventRounds "9"]
[EventCountry "SLO"]
[SourceTitle "EXT 2018"]
[Source "ChessBase"]
[SourceDate "2017.10.13"]
[SourceVersion "1"]
[SourceVersionDate "2017.10.13"]
[SourceQuality "1"]
[WhiteTeam "Trebnje BMP"]
[BlackTeam "Komenda"]
[WhiteTeamCountry "SLO"]
[BlackTeamCountry "SLO"]

1. d4 d5 2. c4 c6 3. cxd5 cxd5 4. Nc3 Nc6 5. Nf3 Nf6 6. Bf4 Bf5 7. e3 e6 8. Bd3 Bxd3 9. Qxd3 a6 10. 0-0 Bd6 11. Bxd6 Qxd6 12. Rac1 0-0 13. Na4 Ne4 14. Nc5 Nxc5 15. Rxc5 Rac8 16. Rfc1 Ne7 17. Ne5 Rxc5 18. Rxc5 f6 19. Nf3 Rc8 20. Rxc8+ Nxc8 21. Qc3 Ne7 22. Ne1 Qc6 23. Qxc6 Nxc6 24. Nd3 b6 25. f4 f5 26. Kf2 Kf7 27. Kf3 Kf6 28. h4 h5 29. g3 Ke7 30. Ke2 Kd6 31. Kd2 Ne7 32. Nb4 a5 33. Nd3 Nc6 34. a4 Kd7 35. Ne5+ Nxe5 36. fxe5 Ke7 37. Ke2 Kf7 38. Kf3 Kg6 39. Kf4 Kh6 40. Kf3 g5 41. Kf2 g4 42. Ke2 1/2-1/2

[Event "SLO-chT1 West"]
[Site "Slovenia"]
[Date "2016.11.12"]
[Round "2"]
[White "Vidic, Miha"]
[Black "Brcar, Ales"]
[Result "1/2-1/2"]
[WhiteElo "2107"]
[BlackElo "2122"]
[PlyCount "61"]
[EventDate "2016.11.11"]
[EventType "team-tourn"]
[EventRounds "9"]
[EventCountry "SLO"]
[SourceTitle "EXT 2018"]
[Source "ChessBase"]
[SourceDate "2017.10.13"]
[SourceVersion "1"]
[SourceVersionDate "2017.10.13"]
[SourceQuality "1"]
[WhiteTeam "Piran"]
[BlackTeam "Trebnje BMP"]
[WhiteTeamCountry "SLO"]
[BlackTeamCountry "SLO"]

1. d4 Nf6 2. Nf3 e6 3. c4 Bb4+ 4. Bd2 Qe7 5. Qc2 Nc6 6. a3 Bxd2+ 7. Nbxd2 a5 8. b3 d6 9. e4 e5 10. d5 Nb8 11. Be2 0-0 12. 0-0 Bd7 13. b4 Na6 14. Qc3 c6 15. Ne1 Rfc8 16. Qb2 cxd5 17. cxd5 axb4 18. axb4 Nc7 19. Nc2 Bb5 20. Bxb5 Nxb5 21. Ne3 Rxa1 22. Rxa1 Qc7 23. Qc2 Qxc2 24. Nxc2 g6 25. Ne3 Rc3 26. g3 Na3 27. Ra2 Nb1 28. Nef1 Na3 29. Ne3 Nb1 30. Nef1 Na3 31. Ne3 1/2-1/2

[Event "SLO-chT1 West"]
[Site "Slovenia"]
[Date "2016.11.11"]
[Round "1"]
[White "Brcar, Ales"]
[Black "Skrinjar, Matic"]
[Result "1/2-1/2"]
[WhiteElo "2122"]
[BlackElo "2120"]
[PlyCount "63"]
[EventDate "2016.11.11"]
[EventType "team-tourn"]
[EventRounds "9"]
[EventCountry "SLO"]
[SourceTitle "EXT 2018"]
[Source "ChessBase"]
[SourceDate "2017.10.13"]
[SourceVersion "1"]
[SourceVersionDate "2017.10.13"]
[SourceQuality "1"]
[WhiteTeam "Trebnje BMP"]
[BlackTeam "Nova Gorica"]
[WhiteTeamCountry "SLO"]
[BlackTeamCountry "SLO"]

1. d4 Nf6 2. c4 e6 3. Nc3 Bb4 4. e3 d5 5. Nge2 dxc4 6. a3 Be7 7. Nf4 Nd5 8. Qf3 Nxf4 9. Qxf4 a6 10. Bxc4 b5 11. Bd3 Bb7 12. 0-0 c5 13. Be4 Bxe4 14. Qxe4 Nd7 15. dxc5 Nxc5 16. Qc6+ Nd7 17. Ne4 Qc8 18. Nd6+ Bxd6 19. Qxd6 Qc5 20. Qxc5 Nxc5 21. Bd2 Nb3 22. Rad1 Nxd2 23. Rxd2 Ke7 24. Rfd1 Rhd8 25. Kf1 Rxd2 26. Rxd2 Rc8 27. Ke2 Rc1 28. Rd1 Rc2+ 29. Rd2 Rc1 30. Rd1 Rc2+ 31. Rd2 Rc1 32. Rd1 1/2-1/2

[Event "CZE-chT rap"]
[Site "Pardubice"]
[Date "2016.07.15"]
[Round "2.5"]
[White "Brcar, Ales"]
[Black "Cerny, David"]
[Result "1-0"]
[WhiteElo "2127"]
[BlackElo "1924"]
[PlyCount "57"]
[EventDate "2016.07.14"]
[EventType "team-swiss"]
[EventRounds "7"]
[EventCountry "CZE"]
[SourceTitle "EXT 2017"]
[Source "ChessBase"]
[SourceDate "2016.10.25"]
[SourceVersion "1"]
[SourceVersionDate "2016.10.25"]
[SourceQuality "1"]
[WhiteTeam "Keresi Imenitni"]
[BlackTeam "Roskov Chess Academy"]
[WhiteTeamCountry "SLO"]
[BlackTeamCountry "CZE"]

1. d4 Nf6 2. c4 c5 3. d5 e6 4. Nc3 exd5 5. cxd5 d6 6. e4 g6 7. f3 Bg7 8. Bg5 0-0 9. Qd2 a6 10. a4 Qa5 11. Ra3 Nbd7 12. Nh3 Ne5 13. Nf2 Re8 14. Be2 Rb8 15. 0-0 Qb4 16. Qc2 c4 17. Be3 Bd7 18. a5 b6 19. axb6 Rxb6 20. Bxb6 Qxb6 21. Na4 Bxa4 22. Rxa4 Nd3 23. Bxd3 cxd3 24. Qxd3 Qxb2 25. Rxa6 Qb4 26. Rb1 Qc5 27. Rc6 Qa7 28. Rxd6 Nd7 29. Qa6 1-0

[Event "Ljubljana-chT 69th Superliga"]
[Site "Ljubljana"]
[Date "2016.01.14"]
[Round "1.3"]
[White "Brcar, Ales"]
[Black "Cop, Jaka"]
[Result "1-0"]
[WhiteElo "2112"]
[BlackElo "1893"]
[PlyCount "77"]
[EventDate "2016.01.14"]
[EventType "team-tourn"]
[EventRounds "9"]
[EventCountry "SLO"]
[SourceTitle "EXT 2022"]
[Source "ChessBase"]
[SourceDate "2021.10.06"]
[SourceVersion "1"]
[SourceVersionDate "2021.10.06"]
[SourceQuality "1"]
[WhiteTeam "Mentor"]
[BlackTeam "Ig"]
[WhiteTeamCountry "SLO"]
[BlackTeamCountry "SLO"]

1. d4 Nf6 2. c4 e6 3. Nc3 Bb4 4. e3 0-0 5. Nge2 d5 6. a3 Be7 7. cxd5 exd5 8. Nf4 c6 9. Bd3 Bd6 10. Nh5 Re8 11. Ng3 Nbd7 12. 0-0 Nf8 13. Nf5 Bc7 14. Qf3 Bxf5 15. Qxf5 Qd6 16. g3 a6 17. Bd2 Qe6 18. Na4 Ne4 19. Qxe6 Nxe6 20. Be1 g6 21. Kg2 f5 22. Rc1 Bd8 23. Rc2 Bg5 24. Nb6 Rad8 25. Ba5 Rd6 26. Bb4 Rdd8 27. Rfc1 Bh6 28. h4 Nf6 29. a4 Nd7 30. Ba5 Nxb6 31. Bxb6 Ra8 32. b4 Bf8 33. b5 axb5 34. axb5 Ra3 35. Rc3 Rxc3 36. Rxc3 Rc8 37. bxc6 bxc6 38. Bb5 c5 39. Bd7 1-0

[Event "Otocec Krka Terme op"]
[Site "Otocec"]
[Date "2015.11.21"]
[Round "2"]
[White "Brcar, Ales"]
[Black "Jelen, Miha"]
[Result "1-0"]
[WhiteElo "2107"]
[BlackElo "1727"]
[PlyCount "93"]
[EventDate "2015.11.20"]
[EventType "swiss"]
[EventRounds "5"]
[EventCountry "SLO"]
[SourceTitle "EXT 2019"]
[Source "ChessBase"]
[SourceDate "2018.10.10"]
[SourceVersion "1"]
[SourceVersionDate "2018.10.10"]
[SourceQuality "1"]

1. d4 d5 2. c4 e6 3. Nc3 c5 4. cxd5 exd5 5. Nf3 Nc6 6. g3 Nf6 7. Bg2 Be7 8. 0-0 0-0 9. dxc5 Bxc5 10. Na4 Be7 11. Be3 Re8 12. Rc1 Ng4 13. Bc5 Bf6 14. Nd4 Nxd4 15. Bxd4 Bxd4 16. Qxd4 Rxe2 17. Bf3 Re7 18. Rfd1 Nf6 19. Nc3 Be6 20. Rd2 Rc8 21. Qxa7 Rc6 22. Rcd1 Rd7 23. Qe3 h6 24. Rd4 Rcd6 25. R1d2 Re7 26. Qd3 Bh3 27. Rd1 Rde6 28. Be2 Qe8 29. Rh4 Rxe2 30. Nxe2 Bg4 31. Rxg4 Nxg4 32. Nc3 Re1+ 33. Kg2 Rxd1 34. Qxd1 Nf6 35. Qd4 Qe6 36. b4 Qa6 37. a4 Qc6 38. b5 Qd6 39. a5 Qd7 40. a6 bxa6 41. bxa6 Qc6 42. a7 Qb7 43. Nb5 Ne8 44. Qe5 d4+ 45. Kg1 Qc6 46. Nxd4 Qa8 47. Qb8 1-0

[Event "Otocec Krka Terme op"]
[Site "Otocec"]
[Date "2015.11.20"]
[Round "1"]
[White "Amon, Jan"]
[Black "Brcar, Ales"]
[Result "0-1"]
[WhiteElo "1480"]
[BlackElo "2107"]
[PlyCount "70"]
[EventDate "2015.11.20"]
[EventType "swiss"]
[EventRounds "5"]
[EventCountry "SLO"]
[SourceTitle "EXT 2019"]
[Source "ChessBase"]
[SourceDate "2018.10.10"]
[SourceVersion "1"]
[SourceVersionDate "2018.10.10"]
[SourceQuality "1"]

1. Nf3 c5 2. e4 g6 3. Nc3 Bg7 4. d4 cxd4 5. Nxd4 Nc6 6. Nxc6 bxc6 7. Bd3 d6 8. 0-0 Nf6 9. Bg5 0-0 10. Re1 Qa5 11. Qd2 Re8 12. a3 Nd7 13. Rab1 Rb8 14. Be3 Rxb2 15. Rxb2 Bxc3 16. Qc1 Bxe1 17. Rb1 Bc3 18. Rb3 Bg7 19. Bd2 Qc7 20. Bc3 Nc5 21. Qb2 Bxc3 22. Qxc3 Nxb3 23. cxb3 Be6 24. b4 Qb6 25. e5 dxe5 26. Qxe5 Rd8 27. Be2 Qd4 28. Qxd4 Rxd4 29. g3 Rd2 30. Bf3 Bd5 31. Bg4 h5 32. Bxh5 gxh5 33. f4 Bc4 34. Kh1 Kg7 35. Kg1 Kg6 0-1

[Event "SLO-chT1 West"]
[Site "Ljubljana"]
[Date "2015.11.06"]
[Round "4"]
[White "Stevanic, David"]
[Black "Brcar, Ales"]
[Result "1-0"]
[WhiteElo "2011"]
[BlackElo "2107"]
[PlyCount "54"]
[EventDate "2015.10.16"]
[EventType "team-tourn"]
[EventRounds "9"]
[EventCountry "SLO"]
[SourceTitle "EXT 2019"]
[Source "ChessBase"]
[SourceDate "2018.10.10"]
[SourceVersion "1"]
[SourceVersionDate "2018.10.10"]
[SourceQuality "1"]
[WhiteTeam "Kocevje"]
[BlackTeam "Trebnje BMP"]
[WhiteTeamCountry "SLO"]
[BlackTeamCountry "SLO"]

1. e4 c5 2. c3 d5 3. exd5 Nf6 4. Qa4+ Nbd7 5. c4 b5 6. Qc2 bxc4 7. Bxc4 Nb6 8. d3 Nfxd5 9. a3 e6 10. Nf3 Bd6 11. Nc3 0-0 12. b3 Nf4 13. g3 Bb7 14. Ne4 f5 15. Ned2 Nxc4 16. dxc4 Qf6 17. Rb1 Be4 18. Nxe4 fxe4 19. Qxe4 Ng6 20. 0-0 Qxf3 21. Qxe6+ Kh8 22. Qxd6 Qe4 23. Bb2 Rxf2 24. Kxf2 Rf8+ 25. Qxf8+ Nxf8 26. Rbe1 Qg6 27. Re7 Kg8 1-0

[Event "SLO-chT1 West"]
[Site "Ljubljana"]
[Date "2015.10.18"]
[Round "3"]
[White "Baric, Dusan"]
[Black "Brcar, Ales"]
[Result "0-1"]
[WhiteElo "2071"]
[BlackElo "2107"]
[PlyCount "20"]
[EventDate "2015.10.16"]
[EventType "team-tourn"]
[EventRounds "9"]
[EventCountry "SLO"]
[SourceTitle "EXT 2019"]
[Source "ChessBase"]
[SourceDate "2018.10.10"]
[SourceVersion "1"]
[SourceVersionDate "2018.10.10"]
[SourceQuality "1"]
[WhiteTeam "Stari Trg op Kolpi"]
[BlackTeam "Trebnje BMP"]
[WhiteTeamCountry "SLO"]
[BlackTeamCountry "SLO"]

1. e4 c5 2. c3 d5 3. exd5 Nf6 4. Nf3 Nxd5 5. Bc4 e6 6. d4 cxd4 7. Nxd4 Bc5 8. 0-0 0-0 9. Nb3 Bd6 10. Qf3 Qh4 0-1

[Event "SLO-chT1 West"]
[Site "Ljubljana"]
[Date "2015.10.17"]
[Round "2"]
[White "Brcar, Ales"]
[Black "Vidic, Miha"]
[Result "1-0"]
[WhiteElo "2107"]
[BlackElo "2105"]
[PlyCount "73"]
[EventDate "2015.10.16"]
[EventType "team-tourn"]
[EventRounds "9"]
[EventCountry "SLO"]
[SourceTitle "EXT 2019"]
[Source "ChessBase"]
[SourceDate "2018.10.10"]
[SourceVersion "1"]
[SourceVersionDate "2018.10.10"]
[SourceQuality "1"]
[WhiteTeam "Trebnje BMP"]
[BlackTeam "Piran"]
[WhiteTeamCountry "SLO"]
[BlackTeamCountry "SLO"]

1. d4 d5 2. c4 c6 3. Nf3 Nf6 4. e3 e6 5. b3 Nbd7 6. Nbd2 Be7 7. Bd3 0-0 8. 0-0 b6 9. Qc2 Bb7 10. Bb2 Rc8 11. Ne5 h6 12. f4 c5 13. Rad1 b5 14. Qb1 cxd4 15. Bxd4 Nxe5 16. fxe5 Ne4 17. Bxe4 dxe4 18. cxb5 Qd5 19. a4 a6 20. Nc4 Qd8 21. Bc5 Bxc5 22. Rxd8 Rfxd8 23. bxa6 Bxa6 24. Qxe4 Rb8 25. Qf3 Rd7 26. Qc6 Bxc4 27. bxc4 Bxe3+ 28. Kh1 Rbb7 29. a5 Ra7 30. a6 Rdc7 31. Qb5 Kh7 32. Ra1 Rc5 33. Qb1+ g6 34. Qe4 Bg5 35. h4 Bd8 36. Rb1 Bc7 37. Qd4 1-0

[Event "SLO-chT1 West"]
[Site "Ljubljana"]
[Date "2015.10.16"]
[Round "1"]
[White "Groselj, Petra"]
[Black "Brcar, Ales"]
[Result "1/2-1/2"]
[WhiteElo "2087"]
[BlackElo "2107"]
[PlyCount "81"]
[EventDate "2015.10.16"]
[EventType "team-tourn"]
[EventRounds "9"]
[EventCountry "SLO"]
[SourceTitle "EXT 2019"]
[Source "ChessBase"]
[SourceDate "2018.10.10"]
[SourceVersion "1"]
[SourceVersionDate "2018.10.10"]
[SourceQuality "1"]
[WhiteTeam "Domzale"]
[BlackTeam "Trebnje BMP"]
[WhiteTeamCountry "SLO"]
[BlackTeamCountry "SLO"]

1. e4 c5 2. Nf3 g6 3. d4 cxd4 4. Nxd4 Nc6 5. c4 Nf6 6. Nc3 d6 7. Be2 Nxd4 8. Qxd4 Bg7 9. 0-0 0-0 10. Qd3 Be6 11. Bg5 Nd7 12. Qe3 Re8 13. Rac1 Qa5 14. f4 Qc5 15. Qxc5 Nxc5 16. Bh4 Bd4+ 17. Kh1 Bxc3 18. Rxc3 Nxe4 19. Re3 Nc5 20. g4 f5 21. gxf5 Bxf5 22. Bf3 Kf7 23. b4 Nd7 24. Rfe1 e5 25. fxe5 Rxe5 26. Bxb7 Rae8 27. Rxe5 Rxe5 28. Rd1 Nb6 29. Bg3 Re7 30. Ba6 Re2 31. a3 Rc2 32. Rd4 Bh3 33. Rd1 Nxc4 34. Bxc4+ Rxc4 35. Bxd6 Rc3 36. a4 Ra3 37. a5 Ra2 38. Re1 a6 39. Kg1 Rg2+ 40. Kh1 Rb2 41. Kg1 1/2-1/2

[Event "Maribor Pirc Memorial op 19th"]
[Site "Maribor"]
[Date "2015.06.30"]
[Round "7"]
[White "Mencinger, Vojko"]
[Black "Brcar, Ales"]
[Result "1-0"]
[WhiteElo "2372"]
[BlackElo "2102"]
[PlyCount "125"]
[EventDate "2015.06.25"]
[EventType "swiss"]
[EventRounds "9"]
[EventCountry "SLO"]
[SourceTitle "CBM 167 Extra"]
[Source "ChessBase"]
[SourceDate "2015.09.14"]
[SourceVersion "1"]
[SourceVersionDate "2015.09.14"]
[SourceQuality "1"]

1. e4 e5 2. Nf3 Nc6 3. Bc4 Bc5 4. c3 Nf6 5. d3 a6 6. Bb3 Ba7 7. Nbd2 0-0 8. h3 d6 9. Nf1 d5 10. Qe2 Be6 11. Ng3 dxe4 12. dxe4 Bxb3 13. axb3 Qd6 14. 0-0 Qe6 15. b4 Ne8 16. Nf5 Nd6 17. g4 Qc4 18. Qxc4 Nxc4 19. b3 Nd6 20. Nxd6 cxd6 21. Rd1 Rfd8 22. Kf1 Ne7 23. Ra2 Rac8 24. c4 Nc6 25. b5 Nb4 26. Ra4 Bc5 27. Ba3 axb5 28. cxb5 Nc2 29. Bxc5 Rxc5 30. Rxd6 Rdc8 31. Rd7 b6 32. Raa7 Rf8 33. Rac7 Rxc7 34. Rxc7 Na3 35. Nxe5 Nxb5 36. Rc6 f6 37. Nc4 Rd8 38. Rxb6 Nc3 39. Nd6 Kf8 40. Rc6 g6 41. f3 Na2 42. Ke2 Rb8 43. Rc2 Ke7 44. Nc8+ Ke6 45. Na7 Nb4 46. Rc4 Rb7 47. f4 Kd6 48. Kd2 Rxa7 49. Rxb4 Ra2+ 50. Kc3 Rf2 51. Rd4+ Ke6 52. b4 Rxf4 53. b5 Rf3+ 54. Kc4 Rxh3 55. b6 Rh1 56. Kc5 Rc1+ 57. Kb5 Rb1+ 58. Rb4 Rxb4+ 59. Kxb4 Kd7 60. g5 fxg5 61. e5 g4 62. b7 Kc7 63. e6 1-0